|
|
|
|
| LEADER |
01608nam a2200397 i 4500 |
| 001 |
EBC1859177 |
| 003 |
MiAaPQ |
| 005 |
20200520144314.0 |
| 006 |
m o d | |
| 007 |
cr cnu|||||||| |
| 008 |
141126s2014 enkad ob 000 0 eng|d |
| 020 |
|
|
|z 9781443868099
|
| 020 |
|
|
|a 9781443871518
|q (electronic bk.)
|
| 035 |
|
|
|a (MiAaPQ)EBC1859177
|
| 035 |
|
|
|a (Au-PeEL)EBL1859177
|
| 035 |
|
|
|a (CaPaEBR)ebr10987380
|
| 035 |
|
|
|a (CaONFJC)MIL663819
|
| 035 |
|
|
|a (OCoLC)896794231
|
| 040 |
|
|
|a MiAaPQ
|b eng
|e rda
|e pn
|c MiAaPQ
|d MiAaPQ
|
| 050 |
|
4 |
|a HD49
|b .K33 2014
|
| 100 |
1 |
|
|a Kacso, Zsuzsanna,
|e author.
|
| 245 |
1 |
0 |
|a Civilian conflict management :
|b the role of scenario building in the structural prevention of electoral violence /
|c by Dr. Zsuzsanna Kacso.
|
| 264 |
|
1 |
|a Newcastle upon Tyne :
|b Cambridge Scholars Publishing,
|c 2014.
|
| 300 |
|
|
|a 1 online resource (308 pages) :
|b illustrations
|
| 336 |
|
|
|a text
|2 rdacontent
|
| 337 |
|
|
|a computer
|2 rdamedia
|
| 338 |
|
|
|a online resource
|2 rdacarrier
|
| 504 |
|
|
|a Includes bibliographical references.
|
| 588 |
|
|
|a Description based on online resource; title from PDF title page (ebrary, viewed November 26, 2014).
|
| 590 |
|
|
|a Electronic reproduction. Ann Arbor, MI : ProQuest, 2015. Available via World Wide Web. Access may be limited to ProQuest affiliated libraries.
|
| 650 |
|
0 |
|a Crisis management.
|
| 650 |
|
0 |
|a Conflict management.
|
| 650 |
|
0 |
|a Peacekeeping forces.
|
| 655 |
|
4 |
|a Electronic books.
|
| 797 |
2 |
|
|a ProQuest (Firm)
|
| 856 |
4 |
0 |
|u https://ebookcentral.proquest.com/lib/matrademy/detail.action?docID=1859177
|z Click to View
|